|
|
|
|
| LEADER |
00000nab a2200000uu 4500 |
| 001 |
vtls011480369 |
| 003 |
SK-MaSNL |
| 005 |
20260303155801.0 |
| 008 |
230222|2002 xo |||||||||||||||||pol| |
| 015 |
|
|
|a SNBRB
|
| 035 |
|
|
|a (urnnbn)urn:nbn:sk:snk:ar-0057ts
|
| 035 |
|
|
|a (uuid)a9a1d06f-a7cd-4de2-98ce-63f2aa97b397
|
| 035 |
|
|
|a urn:nbn:sk:snk-abd7xq
|
| 040 |
|
|
|a SNKBUCL
|b slo
|c SNKBUCL
|e AACR2
|
| 041 |
0 |
|
|a pol
|
| 044 |
|
|
|a xo
|c SK
|
| 100 |
1 |
|
|a Soiński M. S.
|4 aut
|9 1179771
|
| 245 |
1 |
0 |
|a WPŁYW ZAWARTOŚCI BIZMUTU I CERU PO MODYFIKACJI KOMPLEKSOWEJ NA CECHY STRUKTURY ŻELIWA NADEUTEKTYCZNEGO
|c T. Warchala, Soiński M. S.
|
| 246 |
3 |
|
|a THE INFLUENCE OF BISMUTH AND CERIUM CONTENT AFTER COMPLEX MODIFICATION ON STRUCTURAL PROPERTIES OF HYPEREUTECTIC CAST IRON
|
| 700 |
1 |
|
|a Warchala, T.
|4 aut
|9 1179772
|
| 773 |
0 |
|
|t Acta Metallurgica Slovaca : časopis Hutníckej fakulty Technickej univerzity Košice
|g Roč. 8, č. 2 (2/2) (2002), s. 22-27
|
| 958 |
|
|
|a OND
|
| 958 |
|
|
|a EUIPO
|
| 958 |
|
|
|a article18
|
| 999 |
|
|
|c 2042425
|d 2044355
|